| 000 | 01037cam a2200265 i 4500 | ||
|---|---|---|---|
| 001 | 35159 | ||
| 003 | BD-RjUL | ||
| 005 | 20211209052254.0 | ||
| 008 | 750430s1975 fr a b i000 0 eng | ||
| 035 | _a(BD-RjUL)35253 | ||
| 040 |
_aDLC _cDLC _dDLC _dBD-RjUL _beng |
||
| 041 | _aeng | ||
| 082 | 0 | 0 |
_aDOC 374.0120981 _bUNM 1975 |
| 110 | 2 |
_aUnesco. _bRegional Office for Education in Latin America and the Caribbean. _9107096 |
|
| 245 | 1 | 0 |
_aMOBRAL, the Brazilian adult literacy experiment / _cstudy prepared by the Unesco Regional Office for Education in Latin America and the Caribbean. |
| 260 |
_aParis : _bUnesco ; _a[New York : _bdistributed by Unesco Publications Center], _cc1975. |
||
| 300 |
_a70 p. : _bill. ; _c28 cm. |
||
| 490 | 1 |
_aEducational studies and documents ; _vnew ser., 15 |
|
| 504 | _aIncludes bibliographical references. | ||
| 650 | 0 |
_aLiteracy _zBrazil. _9107097 |
|
| 830 | 0 |
_aEducational studies and documents. new ser. ; 15. _9107697 |
|
| 942 |
_2ddc _cDOC |
||
| 999 |
_c35159 _d35159 |
||